| 000 | 00990nam a22001337a 4500 | ||
|---|---|---|---|
| 999 |
_c372196 _d372196 |
||
| 008 | 230203b ||||| |||| 00| 0 eng d | ||
| 040 |
_aDE-2950 _cDE-2950 |
||
| 041 | _ager | ||
| 245 |
_aFrankfurter Briefe 2: _bBriefe von und nach Frankfurt (Oder). [Bd. 2] / _c[gesammelt und abgeschrieben von Doris Gerstenhauer, später verheiratete Hensch] |
||
| 260 |
_aFrankfurt an der Oder, _c1930. |
||
| 300 |
_a176 Seiten _bhandschriftlich, teilweise Maschinenschrift, ungebunden |
||
| 505 | _aDarin enthalten u.a.: Briefe von Rat der Stadt Lübeck an den Rat der Stadt Frankfurt, Rat der Stadt Frankfurt an den Rat der Stadt Beeskow, Christ Leopold Sturm an den Rektor der Universität (1702), Briefe von Karl Friedrich Eichhorn (1806), Rahel Lewin an Marwitz (1811), Solger an Ludwig Tieck (1811), Jean Paul an Ludwig Rellstab (1821), Briefe von Christian Wilhelm Spieker (1811-1847), Benedict Momme Nissen an Michael Martin Lienau (1924), Friedrich Schilling an Camill Gugy (1931) | ||
| 942 |
_2z _cB |
||